=LDR 00000nam 2200000 4500 =001 INLIS000000000026671 =005 20130612125111 =008 ***********************************ind** =035 ##$$0010-061300000026671 =041 ##$$a ind =082 ##$$a 028.5 =090 ##$$a 028.5, RAH k =100 ##$$a Rahimsyah. AR, MB =245 ##$$a Kisah Nabi Ayub, MB. Rahimsyah AR =250 ##$$a Seri Kisah teladan 25 nabi dan Rasul =260 ##$$a [200?] $b Surabaya =300 ##$$a 16 hlm., ilus., 16 cm =650 ##$$a Bacaan Anak-anak =850 ##$$a NBPNMAT =990 ##$$a 04520452 =990 ##$$a 20702674